Elden Ring DLC Story Trailer Script - Statistics

General Stats
  • This quiz has been taken 112 times
    104 since last reset
  • The average score is 53 of 79
Answer Stats
Answer % Correct
the
98%
the
98%
The
98%
the
98%
The
98%
a
97%
A
97%
of
92%
of
92%
Miquella
90%
Miquella
90%
be
89%
Shadow
85%
Kind
84%
war
79%
An
77%
And
77%
And
77%
And
77%
to
75%
to
75%
you
75%
flame.
74%
so
74%
so
74%
we
74%
We
74%
Gold
72%
with
72%
follow.
70%
Messmer's
69%
that
69%
was
69%
was
69%
betrayal.
67%
us?
67%
Will
67%
spoke
66%
What
66%
beginning.
64%
followed
64%
seduction.
64%
song.
64%
which
64%
born.
62%
from
62%
put
62%
could
61%
Grace
61%
Kindly
61%
never
61%
tyranny
61%
affair
59%
golden
59%
unseen.
59%
arose.
57%
His
57%
his
57%
his
57%
too
57%
are
56%
flesh,
56%
without
56%
abandon
54%
or
54%
purge
54%
would
52%
Even
51%
everything.
51%
honour.
51%
not
51%
fate.
49%
One
49%
blinding
48%
But
48%
strength.
48%
walk
48%
choose
46%
deterred.
41%
No matching quizzes found
Score Distribution
Percent of People with Each Score
Percentile by Number Answered
Your Score History
You have not taken this quiz since the last reset